Food crisis, food production and poverty
Počet hladujúcich v roku 2010 bol 925 miliónov. Prvým krokom pre redukciu chudoby a hladu v rozvojových krajinách je investovanie do poľnohospodárstva a rozvoja vidieka.
Enregistré dans:
| Auteur principal: | |
|---|---|
| Autres auteurs: | |
| Format: | Chapitre de livre |
| Langue: | anglais |
| Sujets: | |
| Tags: |
Pas de tags, Soyez le premier à ajouter un tag!
|
MARC
| LEADER | 00000naa a2200000 4500 | ||
|---|---|---|---|
| 001 | 0151400 | ||
| 005 | 20231211070248.6 | ||
| 041 | 0 | |a eng | |
| 044 | |a CZ | ||
| 245 | 1 | 0 | |a Food crisis, food production and poverty |c Šárka Grófová, Karel Srnec |
| 520 | |a Počet hladujúcich v roku 2010 bol 925 miliónov. Prvým krokom pre redukciu chudoby a hladu v rozvojových krajinách je investovanie do poľnohospodárstva a rozvoja vidieka. | ||
| 610 | 2 | 0 | |a poľnohospodárstvo |
| 610 | 2 | 0 | |a potraviny |
| 610 | 2 | 0 | |a produkcia |
| 610 | 2 | 0 | |a ceny |
| 610 | 2 | 0 | |a vývoj populačný |
| 610 | 2 | 0 | |a chudoba |
| 610 | 2 | 0 | |a hlad |
| 610 | 2 | 0 | |a krajiny rozvojové |
| 100 | 1 | |a Grófová, Šárka | |
| 700 | 1 | |a Srnec, Karel | |